[Event "FIDE World Bl Team Pool C"]
[Site "London ENG"]
[Date "2025.06.14"]
[Round "7.4"]
[White "Mungunzul, Bat-Erdene"]
[Black "Sivanandan, Bodhana"]
[Result "1/2-1/2"]
[WhiteTitle "WCM"]
[BlackTitle "WFM"]
[WhiteElo "2337"]
[BlackElo "2109"]
[WhiteTeam "Mongolia-B"]
[BlackTeam "e-therapeutics"]
[WhiteFideId "4902831"]
[BlackFideId "497592"]
[EventDate "2025.06.14"]
[EventType "team"]

1. d4 d5 2. c4 c6 3. Nc3 Nf6 4. Nf3 e6 5. Bg5 Nbd7 6. e3 Qa5 7. Nd2 Bb4 8. Qc2
dxc4 9. Bxf6 Nxf6 10. Nxc4 Qc7 11. Be2 c5 12. dxc5 Bxc5 13. O-O Bd7 14. Rac1 O-O
15. Bf3 Be7 16. Qb3 Bc6 17. Nb5 Bxb5 18. Qxb5 Rab8 19. Na5 Qb6 20. Qxb6 axb6 21.
Nc4 Bc5 22. a3 Nd7 23. Rfd1 Rfd8 24. Rd2 Kf8 25. Rcd1 Ke8 26. Nd6+ Bxd6 27. Rxd6
Ke7 28. Kf1 Ne5 29. Rxb6 Nxf3 30. Rxd8 Nxh2+ 31. Kg1 Nf3+ 32. gxf3 Kxd8 33. Kg2
Kc7 34. Rb4 Rd8 35. Kg3 g6 36. f4 Rd2 37. f3 Re2 38. e4 Kc6 39. a4 b6 40. Rc4+
Kd7 41. b3 Rb2 42. b4 h5 43. Kh4 Rb3 44. Kg3 Ra3 45. b5 Ke7 46. Rb4 Kd6 47. Rc4
Ke7 48. e5 Kd7 49. Rd4+ Ke7 50. Kg2 Ra2+ 51. Kh3 Ra3 52. Kg3 Ra2 53. Rc4 Kd7 54.
Rb4 Ke7 55. Kh3 Ra3 56. Kg2 Ra2+ 57. Kf1 Ra1+ 58. Kg2 Ra2+ 59. Kg3 Ke8 60. Rc4
Kd7 61. Kh4 Ra3 62. Kg3 Ra2 63. Rd4+ Ke7 64. Rc4 Kd7 65. Rd4+ Ke7 66. Rc4 Kd7
67. Rd4+ 1/2-1/2

[Event "FIDE World Bl Team Pool C"]
[Site "London ENG"]
[Date "2025.06.14"]
[Round "7.5"]
[White "Pert, Max"]
[Black "Sodbilegt, Naranbold"]
[Result "0-1"]
[WhiteTitle "FM"]
[BlackTitle "FM"]
[WhiteElo "2277"]
[BlackElo "2363"]
[WhiteTeam "e-therapeutics"]
[BlackTeam "Mongolia-B"]
[WhiteFideId "456845"]
[BlackFideId "4903528"]
[EventDate "2025.06.14"]
[EventType "team"]

1. e4 c5 2. Nf3 d6 3. d4 cxd4 4. Nxd4 Nf6 5. Nc3 a6 6. Bc4 e6 7. Bb3 Nbd7 8. g4
Nc5 9. f3 b5 10. Be3 Bb7 11. Qe2 Be7 12. O-O-O Rc8 13. Kb1 Qa5 14. Qd2 Qc7 15.
h4 Nfd7 16. Qe2 Nb6 17. g5 b4 18. Ncb5 axb5 19. Nxb5 Qb8 20. Bf4 e5 21. Be3 Nxb3
22. axb3 Bc6 23. Nxd6+ Bxd6 24. Bxb6 O-O 25. Be3 Bb5 26. Qd2 Bc5 27. Bxc5 Rxc5
28. Qxb4 Qc7 29. c4 Ba6 30. Qc3 Ra8 31. Rd5 Bb7 32. Rxc5 Qxc5 33. Rd1 g6 34. h5
gxh5 35. Kc2 h4 36. Qd2 Re8 37. Qd7 Bc6 38. Qg4 Qf2+ 39. Rd2 Qg3 40. Qf5 h3 41.
Qf6 h2 42. Qh6 Qxf3 43. Rxh2 Bxe4+ 44. Kc1 Qf1+ 45. Kd2 Rd8+ 46. Kc3 Qe1+ 0-1

[Event "FIDE World Bl Team Pool C"]
[Site "London ENG"]
[Date "2025.06.14"]
[Round "7.6"]
[White "Enkhbayar, Genden"]
[Black "Mortazavi, Sami"]
[Result "1-0"]
[WhiteElo "1837"]
[BlackElo "1805"]
[WhiteTeam "Mongolia-B"]
[BlackTeam "e-therapeutics"]
[WhiteFideId "4928415"]
[BlackFideId "343443834"]
[EventDate "2025.06.14"]
[EventType "team"]

1. d4 g6 2. c4 Bg7 3. Nc3 d6 4. Nf3 Nf6 5. Bg5 O-O 6. e3 h6 7. Bh4 c5 8. Bd3 Nc6
9. Rc1 Bg4 10. d5 Ne5 11. Be2 Bxf3 12. gxf3 a6 13. Rg1 Rb8 14. a4 Qa5 15. Qc2 b5
16. axb5 axb5 17. cxb5 Nxd5 18. Kf1 Nc7 19. Bxe7 Rfe8 20. Bxd6 Rbd8 21. Bxc5 Ne6
22. b4 Qa8 23. Ne4 Rc8 24. Qb3 Red8 25. b6 Qb7 26. Rc2 Nd7 27. Nd6 Ndxc5 28.
bxc5 Rxd6 29. cxd6 Rxc2 30. Qxc2 Qxb6 31. d7 Qd6 32. Qd3 Qc7 33. Rg4 Bf6 34. Kg2
h5 35. Rc4 Qd8 36. Rc8 1-0

[Event "FIDE World Bl Team Pool C"]
[Site "London ENG"]
[Date "2025.06.14"]
[Round "7.1"]
[White "Mamedyarov, Shakhriyar"]
[Black "Keymer, Vincent"]
[Result "1/2-1/2"]
[WhiteTitle "GM"]
[BlackTitle "GM"]
[WhiteElo "2746"]
[BlackElo "2730"]
[WhiteTeam "Generation XYZA"]
[BlackTeam "Germany and Friends"]
[WhiteFideId "13401319"]
[BlackFideId "12940690"]
[EventDate "2025.06.14"]
[EventType "team"]

1. c4 e6 2. Nc3 Bb4 3. Nf3 Bxc3 4. dxc3 f5 5. h3 Nf6 6. g4 d6 7. gxf5 exf5 8.
Rg1 Qe7 9. Bg5 Nbd7 10. Nd4 Ne5 11. e3 h6 12. Bxf6 Qxf6 13. Nb5 Qe7 14. f4 a6
15. fxe5 axb5 16. Qh5+ Kd8 17. Qg6 Qxe5 18. Qxg7 Qxe3+ 19. Be2 Re8 20. Qf6+ Qe7
21. Qxe7+ Rxe7 22. cxb5 Be6 23. Kf2 Rxa2 24. Rxa2 Bxa2 25. c4 Re4 26. Rg8+ Ke7
27. Rg7+ Kd8 28. Rg8+ Ke7 29. Rg7+ Kd8 30. Rg6 1/2-1/2

[Event "FIDE World Bl Team Pool C"]
[Site "London ENG"]
[Date "2025.06.14"]
[Round "7.2"]
[White "Svane, Rasmus"]
[Black "Gurel, Ediz"]
[Result "1-0"]
[WhiteTitle "GM"]
[BlackTitle "GM"]
[WhiteElo "2626"]
[BlackElo "2636"]
[WhiteTeam "Germany and Friends"]
[BlackTeam "Generation XYZA"]
[WhiteFideId "4657101"]
[BlackFideId "44507356"]
[EventDate "2025.06.14"]
[EventType "team"]

1. Nf3 d5 2. g3 Nf6 3. Bg2 Bg4 4. O-O Bxf3 5. Bxf3 e6 6. d3 Be7 7. e4 O-O 8. Nc3
c6 9. Bg2 Nbd7 10. d4 dxe4 11. Nxe4 Nxe4 12. Bxe4 Nf6 13. Bg2 Qc7 14. Bf4 Bd6
15. Bg5 Be7 16. c3 h6 17. Bf4 Bd6 18. Bxd6 Qxd6 19. Qb3 Qc7 20. Rfe1 Rfd8 21. a4
Rd7 22. Bf3 Rad8 23. Qc4 a6 24. a5 Ne8 25. b4 Nd6 26. Qb3 Re7 27. Re2 Nb5 28.
Rae1 Rde8 29. Re5 Qd8 30. h4 Nc7 31. Qc4 Rd7 32. R5e2 Qf6 33. Kg2 Nb5 34. Re5
Qd8 35. Qb3 Nd6 36. Qc2 Nc4 37. R5e2 Nd6 38. Re5 Qf6 39. Qd3 Red8 40. Qc2 Nc4
41. R5e2 Nd6 42. Re5 Nf5 43. Be4 Nd6 44. Bf3 Nb5 45. R5e4 Qg6 46. Qc1 Nd6 47.
Rg4 Qf6 48. Rf4 Qe7 49. Bg4 Nb5 50. Rfe4 Nc7 51. Bf3 Qd6 52. Re5 Nd5 53. R5e2
Qc7 54. Re5 b6 55. axb6 Qxb6 56. Qa3 Ra8 57. Ra1 Qd8 58. Re2 Rda7 59. Rea2 Qf6
60. Qb3 Qd8 61. Qc4 Qb6 62. Ra5 g6 63. R1a3 h5 64. Be2 Qb7 65. Qc5 Nc7 66. c4
Rb8 67. R3a4 Rd8 68. Bf3 Qb8 69. Bxc6 Ne8 70. b5 axb5 71. cxb5 Rxa5 72. Rxa5 Nd6
73. Ra8 Qc7 74. b6 Qe7 75. b7 Qc7 76. Rxd8+ Qxd8 77. Qa7 Nxb7 78. Qxb7 Qxd4 79.
Bf3 Qf6 80. Qb8+ Kg7 81. Qd6 Qc3 82. Qc6 Qd4 83. Qe4 Qc3 84. Qe2 Qc5 85. Qd2 Qc7
86. Qd4+ Kg8 87. Qf6 Qd7 88. Qe5 Qa7 89. Be4 Qe7 90. Bf3 Qd7 91. Kf1 Qd3+ 92.
Qe2 Qd6 93. Qe3 Qa6+ 94. Be2 Qd6 95. f4 Qd5 96. Kf2 Qh1 97. Bf3 Qa1 98. Qd2 Qa7+
99. Kg2 Qa3 100. Kf2 Qa7+ 101. Ke2 Qa6+ 102. Qd3 Qa2+ 103. Kf1 Qa1+ 104. Kg2
Qb2+ 105. Qe2 Qb6 106. Qf2 Qd6 107. Qb2 Qc7 108. Be4 Qc4 109. Qc2 Qb5 110. Bxg6
fxg6 111. Qxg6+ Kh8 112. Qh6+ Kg8 113. Qxe6+ Kf8 114. Qf6+ 1-0

[Event "FIDE World Bl Team Pool C"]
[Site "London ENG"]
[Date "2025.06.14"]
[Round "7.3"]
[White "Solak, Dragan"]
[Black "Bluebaum, Matthias"]
[Result "1/2-1/2"]
[WhiteTitle "GM"]
[BlackTitle "GM"]
[WhiteElo "2591"]
[BlackElo "2663"]
[WhiteTeam "Generation XYZA"]
[BlackTeam "Germany and Friends"]
[WhiteFideId "916811"]
[BlackFideId "24651516"]
[EventDate "2025.06.14"]
[EventType "team"]

1. e4 e6 2. g3 d5 3. d3 dxe4 4. dxe4 Qxd1+ 5. Kxd1 e5 6. f3 Be6 7. Bh3 Bxh3 8.
Nxh3 Nd7 9. Nf2 O-O-O 10. Ke2 g6 11. Nd2 f5 12. Nc4 Be7 13. Be3 Ngf6 14. Rhd1
Rhf8 15. a4 fxe4 16. Nxe4 Nxe4 17. fxe4 a6 18. Rf1 Rde8 19. Rxf8 Rxf8 20. c3 Rf7
21. b4 Bd6 22. Rd1 Bf8 23. a5 Bg7 24. Bg5 h6 25. Be3 Rf8 26. h3 Nf6 27. Rf1 Nxe4
28. Rxf8+ Bxf8 29. Kd3 Nxg3 30. Nxe5 g5 31. Bf2 Nh5 32. Ke4 Bg7 33. Bd4 Nf4 34.
h4 Ne2 35. hxg5 hxg5 36. Nf7 Nxc3+ 37. Kd3 Bxd4 38. Kxd4 Nb5+ 39. Ke5 g4 40. Kf4
Kd7 41. Kxg4 Nd6 42. Ne5+ Ke6 43. Nd3 Kd5 44. Kf4 Kc4 45. Ke3 Kc3 46. Ke2 Nc4
47. Nc5 Kxb4 48. Nxb7 Nxa5 49. Nd8 c5 50. Kd3 c4+ 51. Kc2 Kb5 52. Ne6 Nb7 53.
Kc3 Nd6 54. Nc7+ Kb6 55. Ne6 a5 56. Kd4 Kb5 57. Kc3 Ne4+ 58. Kd4 Nf6 59. Nc7+
Kb4 60. Na6+ Kb5 61. Nc7+ Kc6 62. Kxc4 Ne4 63. Ne6 Nd6+ 64. Kb3 Nb7 65. Ka4 Kb6
66. Kb3 Kb5 67. Nd4+ Kc5 68. Ne6+ Kd5 69. Nf4+ Kc6 70. Ka4 Kb6 71. Ne6 Nd8 72.
Nxd8 Kc7 73. Kxa5 1/2-1/2

[Event "FIDE World Bl Team Pool C"]
[Site "London ENG"]
[Date "2025.06.14"]
[Round "7.4"]
[White "Svane, Frederik"]
[Black "Erdogmus, Yagiz Kaan"]
[Result "1/2-1/2"]
[WhiteTitle "GM"]
[BlackTitle "GM"]
[WhiteElo "2667"]
[BlackElo "2626"]
[WhiteTeam "Germany and Friends"]
[BlackTeam "Generation XYZA"]
[WhiteFideId "12923044"]
[BlackFideId "44599790"]
[EventDate "2025.06.14"]
[EventType "team"]

1. e4 e5 2. Nf3 Nc6 3. Bb5 a6 4. Ba4 Nf6 5. O-O Be7 6. d3 b5 7. Bb3 O-O 8. c3 d6
9. h3 Na5 10. Bc2 c5 11. d4 Qc7 12. d5 Nc4 13. a4 Nb6 14. b3 c4 15. axb5 cxb3
16. Bxb3 axb5 17. Rxa8 Nxa8 18. Re1 Nb6 19. Ba3 Bd7 20. Nxe5 Be8 21. Nf3 Nfd7
22. e5 Nc5 23. exd6 Bxd6 24. Nbd2 Bd7 25. Bxc5 Bxc5 26. Ne4 Nc8 27. Nxc5 Qxc5
28. Qd4 Qxd4 29. Nxd4 Nd6 30. Re7 Rd8 31. Nc6 Kf8 32. Re1 Rc8 33. Ne5 Be8 34.
Re3 f6 35. Nf3 Bd7 36. Nd4 Nf5 37. Nxf5 Bxf5 38. Kf1 Ra8 39. Ke2 Ra3 40. c4 bxc4
41. Bxc4 Ra4 42. Bb3 Rd4 43. g4 Bd7 44. Rc3 Rb4 45. Ke3 Ke7 46. Bc2 h5 47. gxh5
Rh4 48. Bg6 Rxh3+ 49. Kd4 Rxc3 50. Kxc3 Kd6 51. Kd4 Ba4 52. Bf7 Bc2 53. Bg6 Bd1
54. Bf7 Bf3 55. Kc4 Be4 56. Kd4 Bf3 57. Kc4 Be4 58. f4 Bg2 59. Kd4 Bf3 60. Kc4
Bg2 61. Kd4 1/2-1/2

[Event "FIDE World Bl Team Pool C"]
[Site "London ENG"]
[Date "2025.06.14"]
[Round "7.5"]
[White "Salimova, Nurgyul"]
[Black "Wagner, Dinara"]
[Result "1-0"]
[WhiteTitle "IM"]
[BlackTitle "IM"]
[WhiteElo "2385"]
[BlackElo "2404"]
[WhiteTeam "Generation XYZA"]
[BlackTeam "Germany and Friends"]
[WhiteFideId "2915138"]
[BlackFideId "24157570"]
[EventDate "2025.06.14"]
[EventType "team"]

1. d4 Nf6 2. Nf3 d5 3. c4 e6 4. Nc3 Bb4 5. Bg5 h6 6. Bxf6 Qxf6 7. e3 Nc6 8. h3
O-O 9. cxd5 exd5 10. g4 g6 11. Be2 Re8 12. Rc1 Qd8 13. Kf1 Bf8 14. a3 Bg7 15.
Ne1 Nb8 16. h4 c6 17. Ng2 Nd7 18. Nf4 Nf8 19. Bf3 Ne6 20. Nce2 Qd6 21. Nxe6 Bxe6
22. Nf4 Rac8 23. Nd3 b6 24. b4 Bd7 25. Kg2 Ra8 26. Qb3 a5 27. b5 cxb5 28. Bxd5
Bxg4 29. Nf4 Ra7 30. Qxb5 Bd7 31. Qb3 Bf5 32. Rc6 Qxd5+ 33. Nxd5 1-0

[Event "FIDE World Bl Team Pool C"]
[Site "London ENG"]
[Date "2025.06.14"]
[Round "7.6"]
[White "Lobkin, Bohdan"]
[Black "Yontar, Sabrican Onay"]
[Result "1-0"]
[WhiteElo "1900"]
[BlackElo "1941"]
[WhiteTeam "Germany and Friends"]
[BlackTeam "Generation XYZA"]
[WhiteFideId "34115552"]
[BlackFideId "6373623"]
[EventDate "2025.06.14"]
[EventType "team"]

1. e4 e5 2. Nf3 Nc6 3. Nc3 Bb4 4. Nd5 Ba5 5. c3 Nf6 6. d3 h6 7. Qb3 d6 8. Be2
O-O 9. O-O Nxd5 10. exd5 Ne7 11. d4 exd4 12. Nxd4 Bb6 13. Be3 Nf5 14. Nxf5 Bxf5
15. Bxb6 axb6 16. Rfe1 Qg5 17. Bf3 Rfe8 18. g3 Qd2 19. Red1 Qg5 20. Qc4 Re7 21.
Kg2 Rae8 22. Rd4 Qf6 23. Rf4 Qg6 24. a4 Bd3 25. Qd4 Be2 26. Rg4 Bxf3+ 27. Kxf3
Qf5+ 28. Rf4 Qh3 29. Rh4 Qf5+ 30. Kg2 Re5 31. Qc4 Re2 32. Rf4 Qd7 33. b4 Qe7 34.
Ra2 Rxa2 35. Qxa2 Qe5 36. Qc4 1-0

[Event "FIDE World Bl Team Pool C"]
[Site "London ENG"]
[Date "2025.06.14"]
[Round "7.1"]
[White "Zakarian, David"]
[Black "Kogan, Arthur"]
[Result "1/2-1/2"]
[WhiteTitle "FM"]
[BlackTitle "GM"]
[WhiteElo "2301"]
[BlackElo "2475"]
[WhiteTeam "ANI"]
[BlackTeam "OlalaStars"]
[WhiteFideId "13301276"]
[BlackFideId "2800802"]
[EventDate "2025.06.14"]
[EventType "team"]

1. e4 c5 2. Nf3 d6 3. Bb5+ Nd7 4. d4 cxd4 5. Qxd4 a6 6. Bxd7+ Bxd7 7. c4 e5 8.
Qd3 b5 9. Nc3 Qb8 10. O-O h6 11. Rd1 Nf6 12. Nd5 Nxd5 13. Qxd5 Be6 14. Qc6+ Bd7
15. Qd5 Be6 16. Qc6+ Bd7 1/2-1/2

[Event "FIDE World Bl Team Pool C"]
[Site "London ENG"]
[Date "2025.06.14"]
[Round "7.2"]
[White "Krivenko, Dion"]
[Black "Stepanyan, Henrik"]
[Result "0-1"]
[WhiteTitle "FM"]
[WhiteElo "2243"]
[BlackElo "2200"]
[WhiteTeam "OlalaStars"]
[BlackTeam "ANI"]
[WhiteFideId "4508378"]
[BlackFideId "401030"]
[EventDate "2025.06.14"]
[EventType "team"]

1. Nc3 Nf6 2. d4 d5 3. Bf4 e6 4. Nb5 Na6 5. e3 c6 6. Nc3 Nb8 7. g4 Bd6 8. Bg3 h6
9. Bd3 b5 10. Qf3 Qe7 11. Nge2 e5 12. dxe5 Bxe5 13. Bf5 Bd7 14. Nd4 Bxd4 15. O-O
Be5 16. Rfe1 Bxg3 17. hxg3 Bxf5 18. gxf5 Ne4 19. Rad1 Nxc3 20. bxc3 Qe4 21.
Qxe4+ dxe4 22. Rd4 O-O 23. f6 gxf6 24. Rxe4 Nd7 25. c4 bxc4 26. Rxc4 Ne5 27. Rf4
Kg7 28. Kg2 Ng6 29. Rc4 Ne5 30. Ra4 Rfd8 31. Rh1 Rd2 32. c3 Rc2 33. Rhh4 Rxc3
34. f4 Ng6 35. Rh1 Rxe3 36. Kf2 Rc3 37. Rd1 h5 38. Rd7 h4 39. gxh4 Nxh4 40. f5
Nxf5 41. Rg4+ Kf8 42. Rf4 Rc5 43. Rb7 a5 44. Rb1 Rd8 45. Rh1 Rd4 46. Rxd4 Nxd4
47. Ke3 Ne6 48. Rb1 Rc2 49. Rb8+ Kg7 50. a4 Rc4 51. Rc8 c5 0-1

[Event "FIDE World Bl Team Pool C"]
[Site "London ENG"]
[Date "2025.06.14"]
[Round "7.3"]
[White "Zakarian, Dimitrios Levon"]
[Black "Sason, Noam"]
[Result "0-1"]
[WhiteElo "2079"]
[BlackElo "2153"]
[WhiteTeam "ANI"]
[BlackTeam "OlalaStars"]
[WhiteFideId "453080"]
[BlackFideId "371282346"]
[EventDate "2025.06.14"]
[EventType "team"]

1. d4 Nf6 2. c4 g6 3. h4 c5 4. d5 b5 5. cxb5 a6 6. e3 Bg7 7. Nc3 d6 8. Be2 O-O
9. h5 axb5 10. Nxb5 Ne4 11. Nf3 Qa5+ 12. Nd2 Ba6 13. a4 Nd7 14. O-O Nxd2 15.
Bxd2 Qb6 16. hxg6 fxg6 17. Bc3 Nf6 18. Qd2 Ne4 19. Qc2 Nxc3 20. bxc3 Qa5 21.
Rac1 Bb7 22. c4 Qxa4 23. Nc7 Qxc2 24. Rxc2 Ra4 25. Rb1 Bc8 26. e4 Bd4 27. Bf3 g5
28. Ne6 Bxe6 29. dxe6 Rb4 30. Rbc1 Kg7 31. Ra2 Kg6 32. Bg4 Rfb8 33. Bf5+ Kg7 34.
Ra7 Bf6 35. Rc2 h5 36. g3 R8b7 37. Rxb7 Rxb7 38. Kf1 Bd4 39. Ke2 Kf6 40. f4 Rb3
41. g4 Re3+ 42. Kd2 gxf4 43. gxh5 Kg5 44. Bg6 Rh3 45. Ke1 f3 46. Kf1 Rh1# 0-1

[Event "FIDE World Bl Team Pool C"]
[Site "London ENG"]
[Date "2025.06.14"]
[Round "7.4"]
[White "Blokhin, Sofia"]
[Black "Grigoryan, Meri"]
[Result "1-0"]
[WhiteTitle "WFM"]
[BlackTitle "WFM"]
[WhiteElo "2057"]
[BlackElo "1980"]
[WhiteTeam "OlalaStars"]
[BlackTeam "ANI"]
[WhiteFideId "4508190"]
[BlackFideId "13300571"]
[EventDate "2025.06.14"]
[EventType "team"]

1. d4 d5 2. c4 e5 3. e3 exd4 4. exd4 Nf6 5. Nf3 Nc6 6. Nc3 Bb4 7. c5 O-O 8. Be2
Ne4 9. Qb3 Bg4 10. Be3 a5 11. a3 a4 12. Qc2 Bxc3+ 13. bxc3 Bf5 14. Bd3 Re8 15.
O-O b6 16. cxb6 cxb6 17. Rfe1 Qd7 18. Rab1 Reb8 19. Bf4 Rb7 20. c4 Rc8 21. Qxa4
Nc3 22. Bxf5 Qxf5 23. Qxc6 Ne2+ 24. Rxe2 Qxb1+ 25. Ne1 Rbb8 26. Bxb8 h6 27.
Qxc8+ 1-0

[Event "FIDE World Bl Team Pool C"]
[Site "London ENG"]
[Date "2025.06.14"]
[Round "7.5"]
[White "Mesropyan, Hayk"]
[Black "Agafonov, Yuri Dr"]
[Result "1-0"]
[WhiteElo "1866"]
[BlackElo "2096"]
[WhiteTeam "ANI"]
[BlackTeam "OlalaStars"]
[WhiteFideId "499455"]
[BlackFideId "11602104"]
[EventDate "2025.06.14"]
[EventType "team"]

1. e4 d6 2. d4 Nf6 3. Nc3 g6 4. Bc4 Bg7 5. Nf3 O-O 6. h3 Nxe4 7. Nxe4 d5 8. Bd3
dxe4 9. Bxe4 Nc6 10. c3 Bf5 11. Bxf5 gxf5 12. O-O Qd5 13. Bf4 Rac8 14. Re1 b5
15. a3 a6 16. Ne5 e6 17. Qe2 Na5 18. a4 Nc4 19. axb5 axb5 20. h4 f6 21. Nxc4
bxc4 22. Qxe6+ Qxe6 23. Rxe6 Rfe8 24. Rc6 Re2 25. Ra2 Rb8 26. Rxc7 Rbxb2 27.
Ra8+ Bf8 28. Bh6 1-0

[Event "FIDE World Bl Team Pool C"]
[Site "London ENG"]
[Date "2025.06.14"]
[Round "7.6"]
[White "Kiritshenko, Platon"]
[Black "Takvorian, Sebouh"]
[Result "0-1"]
[WhiteElo "1587"]
[BlackElo "1764"]
[WhiteTeam "OlalaStars"]
[BlackTeam "ANI"]
[WhiteFideId "4522010"]
[BlackFideId "430960"]
[EventDate "2025.06.14"]
[EventType "team"]

1. e4 e6 2. d3 d5 3. Nd2 c5 4. Ngf3 Nf6 5. g3 Nc6 6. Bg2 g6 7. O-O Bg7 8. Re1
O-O 9. c3 b6 10. Qe2 Re8 11. Nb3 Bb7 12. e5 Nd7 13. d4 cxd4 14. cxd4 Nb4 15. a3
Ba6 16. Qd2 Nc6 17. Qf4 Rc8 18. Ng5 Qe7 19. h4 Bc4 20. Nd2 Bd3 21. Re3 Ba6 22.
Rc3 f6 23. exf6 Bxf6 24. Ngf3 Rf8 25. Qe3 Qg7 26. Nb3 Bc4 27. Qxe6+ Kh8 28. Bh3
Rcd8 29. Be3 Bxb3 30. Rxb3 Nxd4 31. Bxd4 Bxd4 32. Nxd4 Qxd4 33. Qe3 Qc4 34. Rc1
Qe4 35. Qxe4 dxe4 36. Re3 Nc5 37. b4 Nd3 38. Rc4 Nxf2 39. Bg2 Rd1+ 40. Kh2 Ng4+
41. Kh3 Nf2+ 42. Kh2 Ng4+ 43. Kh3 Nxe3 44. Rxe4 Nxg2 45. Kxg2 Rfd8 46. Re7 R1d2+
47. Kf3 R8d3+ 48. Kf4 Rd4+ 49. Kf3 R2d3+ 50. Ke2 Rd8 51. Rxa7 Rxg3 52. Rb7 Re8+
53. Kf2 Rxa3 54. Rxb6 Rc8 55. Re6 Rc2+ 56. Kf1 Ra1+ 57. Re1 Rxe1+ 58. Kxe1 Rb2
59. Kd1 Rxb4 60. Kd2 Rg4 61. Ke3 Rxh4 0-1

[Event "FIDE World Bl Team Pool C"]
[Site "London ENG"]
[Date "2025.06.14"]
[Round "8.1"]
[White "Abdusattorov, Nodirbek"]
[Black "Gurevich, Ilya"]
[Result "1-0"]
[WhiteTitle "GM"]
[BlackTitle "GM"]
[WhiteElo "2767"]
[BlackElo "2586"]
[WhiteTeam "Uzbekistan"]
[BlackTeam "e-therapeutics"]
[WhiteFideId "14204118"]
[BlackFideId "2000628"]
[EventDate "2025.06.14"]
[EventType "team"]

1. e4 c5 2. Nf3 e6 3. d4 cxd4 4. Nxd4 a6 5. Bd3 Qb6 6. Nb3 Qc7 7. O-O Nf6 8. Nc3
b5 9. Qf3 Bb7 10. Re1 Be7 11. Bf4 d6 12. a4 b4 13. Na2 Nc6 14. Bd2 a5 15. Qg3
O-O 16. Bh6 Ne8 17. c3 bxc3 18. Nxc3 Ne5 19. Bf1 Qd8 20. Bf4 Ng6 21. Be3 Nf6 22.
f3 d5 23. Red1 Qb8 24. Qxb8 Rfxb8 25. Nc5 Bxc5 26. Bxc5 dxe4 27. fxe4 Nxe4 28.
Nxe4 Bxe4 29. Bb5 Rc8 30. Rac1 Bd5 31. Bb6 Nf4 32. Bxa5 Rxc1 33. Rxc1 h5 34. Bd2
Nxg2 35. b4 Nh4 36. Kf2 Nf3 37. Bf4 g5 38. Bd6 Kh7 39. a5 Kg6 40. a6 Nd4 41.
Bd3+ f5 42. b5 Be4 43. Bxe4 fxe4 44. b6 Rxa6 45. b7 Ra2+ 46. Kf1 e3 47. b8=Q e2+
48. Kf2 1-0

[Event "FIDE World Bl Team Pool C"]
[Site "London ENG"]
[Date "2025.06.14"]
[Round "8.2"]
[White "Norwood, David R"]
[Black "Sindarov, Javokhir"]
[Result "0-1"]
[WhiteTitle "GM"]
[BlackTitle "GM"]
[WhiteElo "2494"]
[BlackElo "2710"]
[WhiteTeam "e-therapeutics"]
[BlackTeam "Uzbekistan"]
[WhiteFideId "400106"]
[BlackFideId "14205483"]
[EventDate "2025.06.14"]
[EventType "team"]

1. g3 Nf6 2. Bg2 g6 3. Nf3 c5 4. O-O Bg7 5. c4 Nc6 6. Nc3 d6 7. d3 O-O 8. a3 a6
9. Rb1 Rb8 10. b4 cxb4 11. axb4 b5 12. cxb5 axb5 13. Bg5 h6 14. Bxf6 Bxf6 15.
Qd2 Bg7 16. Rfc1 Bd7 17. d4 Qb6 18. Nd5 Qd8 19. e3 e6 20. Nc3 Ne7 21. Ne4 Bc6
22. Ne1 Qd7 23. Nc3 Rfc8 24. Bxc6 Rxc6 25. Nd3 Rbc8 26. Ne2 Nd5 27. Rxc6 Rxc6
28. Rc1 Rc4 29. Nb2 Rxc1+ 30. Nxc1 Qc6 31. Ncd3 g5 32. h3 f5 33. Kh2 Nf6 34. Qc1
Qd5 35. Qh1 Ne4 36. Qc1 Kh7 37. Nd1 Qb3 38. N1b2 h5 39. f3 Nf6 40. Qd1 Qc3 41.
Qc1 Qxc1 42. Nxc1 Nd5 43. Nbd3 0-1

[Event "FIDE World Bl Team Pool C"]
[Site "London ENG"]
[Date "2025.06.14"]
[Round "8.3"]
[White "Yakubboev, Nodirbek"]
[Black "Williams, Simon K"]
[Result "1-0"]
[WhiteTitle "GM"]
[BlackTitle "GM"]
[WhiteElo "2659"]
[BlackElo "2444"]
[WhiteTeam "Uzbekistan"]
[BlackTeam "e-therapeutics"]
[WhiteFideId "14203987"]
[BlackFideId "404454"]
[EventDate "2025.06.14"]
[EventType "team"]

1. e4 e6 2. Qe2 c5 3. g3 Nc6 4. Bg2 g6 5. c3 Bg7 6. f4 Nge7 7. Nf3 d5 8. e5 Nf5
9. Na3 h5 10. Bh3 O-O 11. O-O d4 12. d3 b6 13. Bg2 Bb7 14. Ng5 Qd7 15. c4 Rad8
16. Bd2 Ne3 17. Bxe3 dxe3 18. Be4 Nd4 19. Qxe3 f6 20. exf6 Bxf6 21. Bxb7 Qxb7
22. Ne4 Bg7 23. Kg2 Nf5 24. Qe2 Rd7 25. Rad1 Rfd8 26. Kh1 a6 27. b3 b5 28. Nc2
bxc4 29. bxc4 Qc6 30. Rf3 Rb7 31. h3 h4 32. g4 Ng3+ 33. Nxg3 hxg3 34. Kg2 e5 35.
fxe5 Re8 36. Qe4 Qxe4 37. dxe4 Rb2 38. Rd2 Bxe5 39. Rfd3 Rxa2 40. Ne1 Rxd2+ 41.
Rxd2 a5 42. Ra2 Ra8 43. Nd3 Bd4 44. Ra4 Rb8 45. Rxa5 Rb3 46. Nxc5 Rc3 47. Ne6
Bf2 48. c5 Rc2 49. Kf3 g2 50. Ra8+ Kf7 51. Nd8+ Ke7 52. Kxg2 Bxc5+ 53. Kg3 g5
54. Nc6+ Kd7 55. Ne5+ Kc7 56. Rg8 Be3 57. Kf3 Bf4 58. Nd3 Rc3 59. Ke2 Kd6 60.
Rf8 Rc2+ 61. Ke1 Rh2 62. Nxf4 gxf4 63. Rxf4 Ke5 64. Rf3 Kxe4 65. Ra3 Kf4 66. Kf1
Kg5 67. Ra5+ Kh4 68. Rh5+ Kg3 69. Ke1 Kf4 70. Kd1 Rg2 71. Ke1 Rh2 72. g5 Kf5 73.
h4 Rg2 74. Rh6 Rg4 75. Kf2 Ra4 76. g6 Ra6 77. h5 Kg5 78. Rh7 Ra2+ 79. Kf3 Ra3+
80. Ke4 Ra4+ 81. Kd5 Kf6 82. g7 Kf7 83. h6 Ra5+ 84. Kc4 Rg5 85. Rh8 Rg6 86. Rf8+ 1-0

[Event "FIDE World Bl Team Pool C"]
[Site "London ENG"]
[Date "2025.06.14"]
[Round "8.4"]
[White "Pert, Richard G"]
[Black "Kasimdzhanov, Rustam"]
[Result "0-1"]
[WhiteTitle "IM"]
[BlackTitle "GM"]
[WhiteElo "2416"]
[BlackElo "2675"]
[WhiteTeam "e-therapeutics"]
[BlackTeam "Uzbekistan"]
[WhiteFideId "404748"]
[BlackFideId "14200244"]
[EventDate "2025.06.14"]
[EventType "team"]

1. d4 d5 2. Nf3 c5 3. c4 e6 4. e3 Nf6 5. cxd5 exd5 6. Bb5+ Bd7 7. Bxd7+ Nbxd7 8.
dxc5 Nxc5 9. O-O Be7 10. Bd2 O-O 11. Bc3 Nfe4 12. Bd4 Ne6 13. Be5 Rc8 14. Nc3
Nxc3 15. Bxc3 Qd7 16. Qe2 Rfd8 17. Rfd1 Qe8 18. Rac1 a6 19. h3 Bf8 20. Nd4 Nc5
21. Bb4 Ne6 22. Rxc8 Rxc8 23. Bxf8 Qxf8 24. Qf3 Rd8 25. Nxe6 fxe6 26. Qxf8+ Kxf8
27. Rc1 Ke7 28. Kf1 Kd6 29. Ke2 g5 30. Kd3 Rf8 31. Rc2 e5 32. f3 h5 33. a3 g4
34. hxg4 hxg4 35. fxg4 Rg8 36. Rf2 Rxg4 37. Rf6+ Kd7 38. Rb6 Kc7 39. Re6 Rxg2
40. b4 e4+ 41. Kd4 Rd2+ 42. Ke5 Rd3 43. a4 Rxe3 44. Kxd5 Ra3 45. a5 e3 46. Re7+
Kd8 47. Re4 Kd7 48. Kc5 Rb3 49. Kb6 e2 50. Kxb7 Rxb4+ 51. Rxb4 e1=Q 52. Rb6 Qxa5
53. Rxa6 Qd5+ 54. Ka7 Kc7 55. Rb6 Qa5+ 56. Ra6 Qc5+ 57. Ka8 Qf8+ 0-1